Pervyĭ Litovskiĭ Statut 1529 goda : materialy respublikanskoĭ nauchnoĭ konferent︠s︡ii, posvi︠a︡shchennoĭ 450-letii︠u︡ Pervogo Statuta /

Bibliographic Details
Corporate Authors: Lithuania. Aukštojo ir specialiojo vidurinio mokslo ministerija, Vilniaus Valstybinis V. Kapsuko vardo universitetas, Istorijos institutas (Lietuvos TSR Mokslų akademija)
Other Authors: Vansevičius, Stasys, 1927-, Kubilius, Jonas, Lazutka, Stanislav Antonovich
Format: Book
Language:Russian
Published: Vilʹni︠u︡s : Izdatelʹsko-redakt︠s︡ionnyĭ sovet Ministerstva vysshego i srednego spet︠s︡ialʹnogo obrazovanii︠a︡ Litovskoĭ SSR, 1982.
Subjects:

MARC

Tag First Indicator Second Indicator Subfields
LEADER 00000cam a2200000 a 4500
001 in00001619821
005 20151023061028.0
008 830131s1982 li b 100 0 ruso
010 |a  82196927  
019 |a 9234852 
020 |c 1.20rub 
035 |a (OCoLC)ocm09254559 
040 |a DLC  |c DLC  |d OCL  |d TXA  |d UtOrBLW 
043 |a e-ur-li 
049 |a TXAM 
050 0 0 |a LAW 
090 |a KKJ5125  |b .P74 1982 
245 0 0 |a Pervyĭ Litovskiĭ Statut 1529 goda :  |b materialy respublikanskoĭ nauchnoĭ konferent︠s︡ii, posvi︠a︡shchennoĭ 450-letii︠u︡ Pervogo Statuta /  |c [redakt︠s︡ionnai︠a︡ kollegii︠a︡, S. Vansi︠a︡vichi︠u︡s ... Ĭ. Kubili︠u︡s (predsedatelʹ) ... S. Lazutka (otv. redaktor) and others]. 
264 1 |a Vilʹni︠u︡s :  |b Izdatelʹsko-redakt︠s︡ionnyĭ sovet Ministerstva vysshego i srednego spet︠s︡ialʹnogo obrazovanii︠a︡ Litovskoĭ SSR,  |c 1982. 
300 |a 152 pages ;  |c 25 cm. 
336 |a text  |b txt  |2 rdacontent 
337 |a unmediated  |b n  |2 rdamedia 
338 |a volume  |b nc  |2 rdacarrier 
500 |a Title on added title page: 1529 metų Pirmasis Lietuvos statutas. 
500 |a At head of title: Vilʹni︠u︡sskiĭ ordenov Trudovogo Krasnogo Znameni i Druzhby Narodov gosuniversitet im. V. Kapsukasa. Institut istorii AN Litovskoĭ SSR. 
504 |a Bibliography: page 5. 
650 0 |a Law  |z Lithuania  |x Sources  |v Congresses. 
700 1 |a Vansevičius, Stasys,  |d 1927- 
700 1 |a Kubilius, Jonas. 
700 1 |a Lazutka, Stanislav Antonovich. 
710 1 |a Lithuania.  |b Aukštojo ir specialiojo vidurinio mokslo ministerija. 
710 2 |a Vilniaus Valstybinis V. Kapsuko vardo universitetas. 
710 2 |a Istorijos institutas (Lietuvos TSR Mokslų akademija) 
740 0 |a 1529 metų Pirmasis Lietuvos statutas. 
948 |a cataloged  |b h  |c 2001/7/19  |d c  |e spoltoratski  |f 2:59:29 pm 
994 |a E0  |b TXA 
999 |a MARS 
999 f f |s 25b254b0-632b-3036-9111-ca5cb128fd4e  |i d21bbf8f-ee1d-3fd0-9654-272b75e5f070  |t 0 
952 f f |p ric  |a Texas A&M University  |b Rellis Campus  |c Joint Library Facility  |d Remote Storage  |t 0  |e KKJ5125 .P74 1982  |h Library of Congress classification  |i unmediated -- volume  |m A14827883840 
998 f f |a KKJ5125 .P74 1982  |t 0  |l Remote Storage